[Event "Reykjavik Blitz op"]
[Site "Reykjavik"]
[Date "2022.01.29"]
[Round "9"]
[White "Johannsson, Orn Leo"]
[Black "Hjartarson, Johann"]
[Result "0-1"]
[WhiteElo "2236"]
[BlackElo "2470"]
[PlyCount "102"]
[EventDate "2022.01.29"]
[EventType "swiss (blitz)"]
[EventRounds "11"]
[EventCountry "ISL"]
[SourceTitle "CBM 206 Extra"]
[Source "ChessBase"]
[SourceDate "2022.03.31"]
[SourceVersion "1"]
[SourceVersionDate "2022.03.31"]
[SourceQuality "1"]

1. d4 Nf6 2. Nf3 e6 3. e3 b6 4. Bd3 Bb7 5. 0-0 d5 6. Nbd2 Bd6 7. Qe2 Ne4 8. Ne5 0-0 9. f3 Nxd2 10. Bxd2 c5 11. c3 f6 12. Ng4 Nc6 13. Rae1 f5 14. Nf2 Qh4 15. f4 Rf6 16. g3 Rg6 17. Qf3 Rf8 18. Kh1 Qd8 19. g4 Qh4 20. gxf5 exf5 21. Rg1 Ne7 22. Rg3 Rxg3 23. Qxg3 Qf6 24. Rg1 Kh8 25. Qh3 g6 26. Bc2 Ba6 27. Nd3 Bxd3 28. Bxd3 Bc7 29. Be2 Rd8 30. Bf3 Qe6 31. Qg2 Ng8 32. h4 Nf6 33. h5 Rg8 34. c4 gxh5 35. cxd5 Rxg2 36. dxe6 Rxd2 37. d5 Bd6 38. Rg5 Nxd5 39. Rxf5 Nxe3 40. Rf7 Kg8 41. Be4 h4 42. Bxh7+ Kh8 43. Bg6 Nd5 44. f5 h3 45. Rh7+ Kg8 46. Rxh3 Rd1+ 47. Kg2 Nf4+ 48. Kg3 Nxg6+ 49. Kg4 Ne5+ 50. Kg5 Rg1+ 51. Kf6 Ng4+ 0-1

[Event "ISL-chT2 1921"]
[Site "Reykjavik"]
[Date "2019.10.05"]
[Round "2.3"]
[White "Magnusson, Patrekur Maron"]
[Black "Johannsson, Orn Leo"]
[Result "0-1"]
[WhiteElo "2056"]
[BlackElo "2228"]
[PlyCount "130"]
[EventDate "2019.10.04"]
[EventType "team-tourn"]
[EventRounds "7"]
[EventCountry "ISL"]
[SourceTitle "EXT 2024"]
[Source "ChessBase"]
[SourceDate "2023.10.10"]
[SourceVersion "1"]
[SourceVersionDate "2023.10.10"]
[SourceQuality "1"]
[WhiteTeam "Hrokar alls Fagnadar"]
[BlackTeam "Vestmannaeyja"]
[WhiteTeamCountry "ISL"]
[BlackTeamCountry "ISL"]

1. e4 e6 2. Qe2 d5 3. d3 c5 4. g3 Nc6 5. Bg2 Nge7 6. Nf3 g6 7. e5 Bg7 8. h4 Qc7 9. Bf4 h6 10. c3 b6 11. a4 Bb7 12. Na3 a6 13. 0-0 g5 14. hxg5 Ng6 15. d4 Nxf4 16. gxf4 c4 17. f5 exf5 18. Nh4 Ne7 19. Qh5 hxg5 20. Qxg5 0-0-0 21. Qxg7 Rxh4 22. Qxf7 Rg8 23. f3 f4 24. Kf2 Rh2 25. Rg1 Qd7 26. e6 Qd6 27. Rae1 Kb8 28. Re5 Bc8 29. Qxf4 Rhh8 30. Re4 Kc7 31. Qxd6+ Kxd6 32. Re2 Rh2 33. Nc2 Nf5 34. Ne3 Nxe3 35. Rxe3 Bxe6 36. f4 Rf8 37. Kg3 Rh6 38. Re5 Rg6+ 39. Rg5 Rxg5+ 40. fxg5 Rf5 41. Kh4 Rf4+ 42. Kh5 Rg4 43. Kh6 Rg3 44. g6 Bf5 45. g7 Rg6+ 46. Kh5 Rxg7 47. Rf1 Rxg2 48. Rxf5 Rxb2 49. a5 bxa5 50. Rf6+ Ke7 51. Rxa6 Rb3 52. Rxa5 Ke6 53. Kg5 Rxc3 54. Ra6+ Kd7 55. Ra5 Kc6 56. Ra6+ Kb5 57. Rd6 Rf3 58. Rxd5+ Kb4 59. Rd8 c3 60. d5 c2 61. Rb8+ Ka3 62. Rc8 Kb2 63. Rb8+ Rb3 64. Rc8 Rc3 65. Rb8+ Ka3 0-1

[Event "ISL-chT1 1819"]
[Site "Reykjavik"]
[Date "2019.03.01"]
[Round "7.4"]
[White "Karlsson, Mikael Johann"]
[Black "Johannsson, Orn Leo"]
[Result "0-1"]
[WhiteElo "2147"]
[BlackElo "2211"]
[PlyCount "98"]
[EventDate "2018.11.08"]
[EventType "team-tourn"]
[EventRounds "9"]
[EventCountry "ISL"]
[SourceTitle "CBM 189 Extra"]
[Source "ChessBase"]
[SourceDate "2019.06.03"]
[SourceVersion "1"]
[SourceVersionDate "2019.06.03"]
[SourceQuality "1"]
[WhiteTeam "Skakfelag Akureyrar"]
[BlackTeam "Breidjablik Bolungavik"]
[WhiteTeamCountry "ISL"]
[BlackTeamCountry "ISL"]

1. c4 e5 2. g3 Nf6 3. Bg2 d5 4. cxd5 Nxd5 5. Nf3 Nc6 6. 0-0 Nb6 7. b3 Be7 8. Bb2 Bf6 9. Nc3 Bf5 10. d3 0-0 11. Nd2 Qd7 12. Re1 Be7 13. a4 Be6 14. a5 Nd5 15. Nc4 f6 16. Ne4 b5 17. axb6 axb6 18. d4 f5 19. Ned2 exd4 20. Nf3 Rxa1 21. Qxa1 Ndb4 22. Rd1 Bf6 23. Qa4 Rd8 24. e3 Qf7 25. exd4 Rb8 26. Nce5 Bxb3 27. Qb5 Bxe5 28. Ng5 Qc4 29. Qxc4+ Bxc4 30. Rc1 Bf6 31. Nxh7 Kxh7 32. Rxc4 b5 33. Rc5 Nxd4 34. Rxc7 Ne2+ 35. Kf1 Nxg3+ 36. hxg3 Bxb2 37. Ke2 Bf6 38. Bh3 Re8+ 39. Kd2 Re5 40. f4 Rd5+ 41. Ke2 Na2 42. Bg2 Rd6 43. Bf3 b4 44. g4 fxg4 45. Bxg4 Kh6 46. Rc5 g6 47. f5 b3 48. fxg6 Nc3+ 49. Kf3 b2 0-1

[Event "Helsingor Xtracon op"]
[Site "Helsingor"]
[Date "2018.07.24"]
[Round "5"]
[White "Johannsson, Orn Leo"]
[Black "Akesson, Ralf"]
[Result "0-1"]
[WhiteElo "2196"]
[BlackElo "2397"]
[PlyCount "136"]
[EventDate "2018.07.21"]
[EventType "swiss"]
[EventRounds "10"]
[EventCountry "DEN"]
[SourceTitle "CBM 185 Extra"]
[Source "ChessBase"]
[SourceDate "2018.07.29"]
[SourceVersion "1"]
[SourceVersionDate "2018.07.29"]
[SourceQuality "1"]

1. d4 Nf6 2. Nf3 e6 3. e3 b6 4. Be2 Bb7 5. 0-0 Be7 6. c4 0-0 7. Nc3 d5 8. cxd5 Nxd5 9. Qc2 Nd7 10. Nxd5 exd5 11. Bd2 Bd6 12. Rac1 a6 13. b4 Qe7 14. Qb2 b5 15. Ne1 Nb6 16. Nd3 Nc4 17. Qc2 Rae8 18. Nc5 Bc8 19. Bf3 c6 20. Rfe1 Qg5 21. Rcd1 Qh6 22. g3 Qf6 23. Bg2 Bg4 24. f3 Bf5 25. Qc3 Bxc5 26. bxc5 Qg6 27. Re2 Re7 28. Bc1 Rfe8 29. g4 Bc8 30. Rde1 f5 31. h3 h5 32. Qc2 Qf6 33. gxh5 Qh4 34. Qd3 Qxh5 35. e4 fxe4 36. fxe4 Bf5 37. Qf3 Qxf3 38. Bxf3 dxe4 39. Bf4 Re6 40. Bg2 Kf7 41. Kh2 Rd8 42. Bxe4 Bxe4 43. Rxe4 Rxe4 44. Rxe4 Re8 45. Be5 Nxe5 46. dxe5 Ke6 47. Rd4 Kxe5 48. Rd7 g6 49. Kg3 a5 50. Kg4 a4 51. Kg5 Rh8 52. h4 Rh5+ 53. Kg4 Ke4 54. Rd6 Rxc5 55. Rxg6 b4 56. h5 b3 57. h6 Rc1 58. axb3 axb3 59. Re6+ Kd5 60. h7 Rh1 61. Re7 c5 62. Rb7 Kc4 63. Rf7 b2 64. Rf4+ Kb5 65. Rf7 Ka4 66. Rf4+ Kb3 67. Rf3+ Ka2 68. Rh3 Rxh3 0-1

[Event "Helsingor Xtracon op"]
[Site "Helsingor"]
[Date "2018.07.22"]
[Round "3"]
[White "Johannsson, Orn Leo"]
[Black "Glibstrup, Jakob"]
[Result "1-0"]
[WhiteElo "2196"]
[BlackElo "1920"]
[PlyCount "63"]
[EventDate "2018.07.21"]
[EventType "swiss"]
[EventRounds "10"]
[EventCountry "DEN"]
[SourceTitle "CBM 185 Extra"]
[Source "ChessBase"]
[SourceDate "2018.07.29"]
[SourceVersion "1"]
[SourceVersionDate "2018.07.29"]
[SourceQuality "1"]

1. d4 Nf6 2. Nf3 g6 3. e3 Bg7 4. Be2 0-0 5. 0-0 d6 6. b3 c5 7. Bb2 Nc6 8. c4 a5 9. Nc3 e5 10. dxe5 dxe5 11. Qxd8 Rxd8 12. Na4 e4 13. Ne5 Rd2 14. Nxc6 Rxe2 15. Rad1 Rxb2 16. Ne7+ Kf8 17. Nxc8 Rxa2 18. Rd8+ Ne8 19. Nab6 Rxc8 20. Nxc8 Be5 21. Rd5 Bc7 22. Rxc5 Rb2 23. Rb5 b6 24. g3 Nf6 25. Nxb6 Bxb6 26. Rxb6 Ng4 27. Rb5 f6 28. Rb7 Ne5 29. Ra1 Nxc4 30. Rc1 Nd6 31. Rd7 Rd2 32. Rc6 1-0

[Event "Reykjavik op"]
[Site "Reykjavik"]
[Date "2018.03.12"]
[Round "7"]
[White "Mai, Alexander Oliver"]
[Black "Johannsson, Orn Leo"]
[Result "1/2-1/2"]
[WhiteElo "1995"]
[BlackElo "2206"]
[PlyCount "107"]
[EventDate "2018.03.06"]
[EventType "swiss"]
[EventRounds "9"]
[EventCountry "ISL"]
[SourceTitle "CBM 183 Extra"]
[Source "ChessBase"]
[SourceDate "2018.04.19"]
[SourceVersion "1"]
[SourceVersionDate "2018.04.19"]
[SourceQuality "1"]

1. e4 e6 2. d4 d5 3. Nc3 Bb4 4. exd5 exd5 5. Bd3 Ne7 6. Nge2 Nbc6 7. 0-0 0-0 8. Bg5 f6 9. Bf4 Be6 10. Nb5 Ba5 11. c3 a6 12. Na3 Ng6 13. Bg3 Nce7 14. Nf4 Nxf4 15. Bxf4 Ng6 16. Bd2 Qd7 17. Qc2 Qf7 18. Rae1 Rfe8 19. Nb1 c6 20. Bc1 Bc7 21. Nd2 Re7 22. Nf3 Rae8 23. h3 Nf8 24. Bf5 Qh5 25. Bxe6+ Nxe6 26. Bd2 g5 27. Qf5 Qg6 28. Qxg6+ hxg6 29. g3 Kf7 30. Kg2 Ng7 31. Rxe7+ Rxe7 32. Re1 Rd7 33. Re2 Nf5 34. Ne1 Bd6 35. Nd3 Rc7 36. f4 gxf4 37. Bxf4 g5 38. Bxd6 Nxd6 39. Nc5 a5 40. Kf3 b6 41. Nd3 Rc8 42. Nf2 Rh8 43. Re1 Nc4 44. Re2 Nd6 45. Re1 Ne4 46. Nxe4 dxe4+ 47. Rxe4 Rxh3 48. Kg2 Rh8 49. Re2 Rh7 50. Re3 Rh8 51. Re2 Rd8 52. Kf3 Rd6 53. Rh2 Kg7 54. Re2 1/2-1/2

[Event "Reykjavik op"]
[Site "Reykjavik"]
[Date "2018.03.10"]
[Round "5"]
[White "Sundararajan, Kidambi"]
[Black "Johannsson, Orn Leo"]
[Result "1/2-1/2"]
[WhiteElo "2427"]
[BlackElo "2206"]
[PlyCount "158"]
[EventDate "2018.03.06"]
[EventType "swiss"]
[EventRounds "9"]
[EventCountry "ISL"]
[SourceTitle "CBM 183 Extra"]
[Source "ChessBase"]
[SourceDate "2018.04.19"]
[SourceVersion "1"]
[SourceVersionDate "2018.04.19"]
[SourceQuality "1"]

1. c4 Nf6 2. Nc3 e6 3. d4 d5 4. Bg5 Be7 5. e3 Nbd7 6. Nf3 0-0 7. Rc1 c6 8. Qc2 b6 9. Bd3 Bb7 10. 0-0 h6 11. Bh4 c5 12. Qe2 Rc8 13. Bg3 dxc4 14. Bxc4 Bxf3 15. gxf3 cxd4 16. exd4 Nh5 17. Ba6 Nxg3 18. hxg3 Rc7 19. d5 Nc5 20. Bc4 exd5 21. Nxd5 Rd7 22. b4 Ne6 23. Rfd1 b5 24. Bb3 a6 25. f4 Bd6 26. Qg4 Kh8 27. f5 Qg5 28. Ne3 Qxg4 29. Nxg4 Nd8 30. Kg2 Rc7 31. Rxc7 Bxc7 32. Rd7 Bb8 33. Bd5 h5 34. Ne3 Kh7 35. Kh3 Kh6 36. f4 g5 37. fxg6 fxg6 38. Nc2 g5 39. fxg5+ Kxg5 40. Nd4 Kf6 41. Nb3 Nf7 42. Bxf7 Rxf7 43. Nc5 Re7 44. Rd3 Kg6 45. Nxa6 Be5 46. Nc5 Ra7 47. a3 Bb2 48. Rd6+ Kh7 49. Rd2 Bc3 50. Rd5 Rxa3 51. Nd3 Rb3 52. Rxh5+ Kg6 53. Nf4+ Kf7 54. Rf5+ Kg8 55. Rxb5 Rxb4 56. Rg5+ Kf7 57. Rf5+ Kg8 58. Nd5 Rc4 59. g4 Be1 60. Rf1 Bd2 61. Kh4 Kg7 62. Ne7 Rc5 63. Nf5+ Kg6 64. Rf3 Bg5+ 65. Kg3 Rc1 66. Rd3 Rg1+ 67. Kh3 Bf4 68. Nh4+ Kh6 69. Nf3 Rg3+ 70. Kh4 Kg6 71. Rc3 Rg2 72. Rc6+ Kg7 73. Rc4 Bd6 74. Kh5 Rg3 75. Nh4 Rh3 76. g5 Bg3 77. g6 Rxh4+ 78. Rxh4 Bxh4 79. Kxh4 Kxg6 1/2-1/2

[Event "Reykjavik op"]
[Site "Reykjavik"]
[Date "2018.03.08"]
[Round "4"]
[White "Johannsson, Orn Leo"]
[Black "Abrahamyan, Tatev"]
[Result "1/2-1/2"]
[WhiteElo "2206"]
[BlackElo "2369"]
[PlyCount "101"]
[EventDate "2018.03.06"]
[EventType "swiss"]
[EventRounds "9"]
[EventCountry "ISL"]
[SourceTitle "CBM 183 Extra"]
[Source "ChessBase"]
[SourceDate "2018.04.19"]
[SourceVersion "1"]
[SourceVersionDate "2018.04.19"]
[SourceQuality "1"]

1. d4 Nf6 2. Nf3 e6 3. Bg5 c5 4. e3 cxd4 5. exd4 Be7 6. c3 b6 7. Nbd2 Bb7 8. Bd3 0-0 9. 0-0 d6 10. Qe2 Nbd7 11. Ba6 Qc7 12. Rfc1 Rfe8 13. Nf1 Bf8 14. Ng3 h6 15. Bd2 Bxa6 16. Qxa6 e5 17. a4 e4 18. Ne1 d5 19. c4 g6 20. a5 dxc4 21. Rxc4 Qd6 22. Rac1 Qd5 23. Rc7 Bd6 24. R7c2 Bxg3 25. hxg3 Ng4 26. Rc7 Qxd4 27. Qe2 Ndf6 28. Bf4 bxa5 29. R1c4 Qd5 30. R4c5 Qa2 31. Rb7 Rac8 32. Rxc8 Rxc8 33. f3 Qd5 34. Rb5 Qd4+ 35. Kh1 exf3 36. gxf3 Re8 37. Rb8 Rxb8 38. Bxb8 Ne3 39. Bf4 Nfd5 40. Bxh6 Qh8 41. Qh2 Nf1 42. Qh4 Qxb2 43. Kg1 Nde3 44. Qd8+ Kh7 45. Bxe3 Nxe3 46. Qe7 Qb3 47. Qh4+ Kg7 48. Qd4+ Kg8 49. Qd8+ Kg7 50. Qd4+ Kg8 51. Qd8+ 1/2-1/2

[Event "Reykjavik op"]
[Site "Reykjavik"]
[Date "2017.04.19"]
[Round "1"]
[White "Gunnarsson, Helgi Petur"]
[Black "Johannsson, Orn Leo"]
[Result "0-1"]
[WhiteElo "1669"]
[BlackElo "2236"]
[PlyCount "82"]
[EventDate "2017.04.19"]
[EventType "swiss"]
[EventRounds "10"]
[EventCountry "ISL"]
[SourceTitle "CBM 178 Extra"]
[Source "ChessBase"]
[SourceDate "2017.06.22"]
[SourceVersion "1"]
[SourceVersionDate "2017.06.22"]
[SourceQuality "1"]

1. e4 e6 2. d4 d5 3. Nd2 Nf6 4. e5 Nfd7 5. Bd3 c5 6. c3 Nc6 7. Ngf3 g6 8. 0-0 Bg7 9. Bc2 0-0 10. Re1 cxd4 11. cxd4 f6 12. exf6 Qxf6 13. Nb3 e5 14. dxe5 Ndxe5 15. Rxe5 Nxe5 16. Qxd5+ Qf7 17. Qxf7+ Rxf7 18. Nbd4 Nxf3+ 19. Nxf3 Be6 20. Ng5 Rc7 21. Nxe6 Rxc2 22. Nxg7 Kxg7 23. Be3 Rd8 24. Kf1 Rxb2 25. g3 b6 26. Kg2 Kf7 27. g4 Rc2 28. h4 Rd3 29. Kg3 Ra3 30. h5 Raxa2 31. Rd1 Rc7 32. Bf4 Ra3+ 33. f3 Rcc3 34. Rd7+ Ke8 35. Rxh7 Rxf3+ 36. Kh4 Rxf4 37. Kg5 Rf7 38. Kxg6 Rxh7 39. Kxh7 Rg3 40. h6 Rxg4 41. Kh8 Rh4 0-1

[Event "ISL-chT 1617"]
[Site "Reykjavik"]
[Date "2017.03.02"]
[Round "6.1"]
[White "Thorhallsson, Throstur"]
[Black "Johannsson, Orn Leo"]
[Result "1/2-1/2"]
[WhiteElo "2419"]
[BlackElo "2257"]
[PlyCount "87"]
[EventDate "2016.09.29"]
[EventType "team-tourn"]
[EventRounds "9"]
[EventCountry "ISL"]
[SourceTitle "EXT 2018"]
[Source "ChessBase"]
[SourceDate "2017.10.13"]
[SourceVersion "1"]
[SourceVersionDate "2017.10.13"]
[SourceQuality "1"]
[WhiteTeam "Huginn"]
[BlackTeam "Reykjanesbaejar"]
[WhiteTeamCountry "ISL"]
[BlackTeamCountry "ISL"]

1. e4 d6 2. d4 g6 3. Nc3 Bg7 4. f4 a6 5. Be3 b5 6. Nf3 Bb7 7. Bd3 Nd7 8. Ne2 Ngf6 9. Ng3 0-0 10. e5 Nd5 11. Bd2 c5 12. c3 cxd4 13. cxd4 N7b6 14. h4 Qc8 15. Ng5 Nc4 16. Rc1 Nxb2 17. Rxc8 Nxd3+ 18. Kf1 Raxc8 19. Ne2 dxe5 20. dxe5 Rc4 21. Nh3 Bh6 22. Kg1 N5xf4 23. Nexf4 Nxf4 24. Bxf4 Bxf4 25. Nxf4 Rxf4 26. Qd7 Rc8 27. Rh3 Rc1+ 28. Kh2 Be4 29. h5 gxh5 30. Rxh5 Bg6 31. Qxe7 Bxh5 32. Qg5+ Bg6 33. Qxf4 Rc6 34. Qd4 Re6 35. Kg3 h6 36. Kf4 Kh7 37. Qd7 Kg7 38. Qc7 Kg8 39. g3 Kf8 40. a3 Kg8 41. Qd8+ Kg7 42. Qd4 Kg8 43. Qd8+ Kg7 44. Qd4 1/2-1/2

[Event "ISL-chT 1617"]
[Site "Reykjavik"]
[Date "2016.10.01"]
[Round "4.2"]
[White "Johannsson, Orn Leo"]
[Black "Edvardsson, Kristjan"]
[Result "1/2-1/2"]
[WhiteElo "2257"]
[BlackElo "2196"]
[PlyCount "141"]
[EventDate "2016.09.29"]
[EventType "team-tourn"]
[EventRounds "9"]
[EventCountry "ISL"]
[SourceTitle "EXT 2018"]
[Source "ChessBase"]
[SourceDate "2017.10.13"]
[SourceVersion "1"]
[SourceVersionDate "2017.10.13"]
[SourceQuality "1"]
[WhiteTeam "Reykjanesbaejar"]
[BlackTeam "Huginn II"]
[WhiteTeamCountry "ISL"]
[BlackTeamCountry "ISL"]

1. e4 d6 2. d3 g6 3. f4 Bg7 4. Nf3 c5 5. Be2 e6 6. c3 Ne7 7. 0-0 0-0 8. Be3 Nbc6 9. Nbd2 b6 10. Qe1 Ba6 11. Qh4 d5 12. e5 d4 13. cxd4 Nf5 14. Qxd8 Rfxd8 15. Bf2 Ncxd4 16. Nxd4 Nxd4 17. Bxd4 Rxd4 18. Nc4 Rad8 19. Rad1 Bh6 20. g3 Bxc4 21. dxc4 Rd2 22. Kf2 g5 23. Ke3 R2d4 24. Rxd4 Rxd4 25. Bd3 gxf4+ 26. gxf4 f6 27. exf6 e5 28. Rg1+ Kf7 29. Bxh7 Rxf4 30. Ke2 Rh4 31. Rg2 Kxf6 32. b3 e4 33. Kf1 Ke5 34. Re2 e3 35. Bc2 Bf4 36. Rg2 Kd4 37. Ke2 Rxh2 38. Rxh2 Bxh2 39. Bf5 Bf4 40. Bg4 Kc3 41. Kd1 Kb2 42. Be2 Be5 43. Bf3 Bc3 44. Be2 Bd4 45. Bf1 Kxa2 46. Kc2 Ka3 47. Be2 Kb4 48. Bf1 a6 49. Be2 Ka5 50. Bf1 b5 51. cxb5 axb5 52. Be2 c4 53. Bf1 Kb6 54. Be2 Kc5 55. Bf1 Kd6 56. bxc4 b4 57. Be2 Bc5 58. Bd1 Ke5 59. Kd3 Kf4 60. Bh5 Kg3 61. Ke2 b3 62. Be8 b2 63. Bg6 Kf4 64. Bb1 Ke5 65. Kd3 Kd6 66. Ke2 Bd4 67. Bc2 Kc5 68. Bd3 Kb4 69. Kd1 Bc5 70. Ke2 Kb3 71. Kd1 1/2-1/2

[Event "Reykjavik op"]
[Site "Reykjavik"]
[Date "2016.03.16"]
[Round "10"]
[White "Tan, Justin Hy"]
[Black "Johannsson, Orn Leo"]
[Result "1/2-1/2"]
[WhiteElo "2441"]
[BlackElo "2194"]
[PlyCount "130"]
[EventDate "2016.03.08"]
[EventType "swiss"]
[EventRounds "10"]
[EventCountry "ISL"]
[SourceTitle "CBM 171 Extra"]
[Source "ChessBase"]
[SourceDate "2016.04.26"]
[SourceVersion "1"]
[SourceVersionDate "2016.04.26"]
[SourceQuality "1"]

1. e4 e6 2. d4 d5 3. Nd2 dxe4 4. Nxe4 Nd7 5. Nf3 Ngf6 6. Bd3 Be7 7. 0-0 0-0 8. Nxf6+ Nxf6 9. Ne5 c5 10. dxc5 Qc7 11. Qe2 Qxc5 12. Bg5 Rd8 13. Rae1 h6 14. Bd2 Bd7 15. Qf3 Bb5 16. c4 Bc6 17. Qg3 Be4 18. b4 Qc7 19. Bxe4 Rxd2 20. a3 a5 21. Qc3 Rad8 22. Bd3 Ra2 23. Qb3 Rd2 24. Bc2 axb4 25. axb4 b6 26. Nf3 R2d7 27. Rc1 Qd6 28. c5 bxc5 29. bxc5 Qd5 30. c6 Qxb3 31. Bxb3 Rc7 32. Ba4 Ne4 33. Rfd1 Rxd1+ 34. Rxd1 Nc3 35. Ra1 Nxa4 36. Rxa4 Rxc6 37. g3 Rc2 38. Ne5 Bc5 39. Nd3 g6 40. Nxc5 Rxc5 41. h4 Kg7 42. Kg2 Rc2 43. Ra3 Rc5 44. Rb3 g5 45. hxg5 hxg5 46. g4 Rc4 47. Kg3 Rf4 48. Re3 Kf6 49. Ra3 Rb4 50. Ra7 Rb3+ 51. Kg2 Kg6 52. Ra6 Rb1 53. Rc6 Re1 54. Ra6 Kg7 55. Ra5 f6 56. Kf3 e5 57. Ra7+ Kg6 58. Re7 Rb1 59. Kg3 Rh1 60. Kf3 Rh3+ 61. Ke4 Ra3 62. Rb7 Ra4+ 63. Kf3 Rf4+ 64. Kg3 e4 65. Re7 Rf3+ 1/2-1/2

[Event "Reykjavik op"]
[Site "Reykjavik"]
[Date "2016.03.12"]
[Round "6"]
[White "Thorsteinsdottir, Gudlaug"]
[Black "Johannsson, Orn Leo"]
[Result "1/2-1/2"]
[WhiteElo "2047"]
[BlackElo "2194"]
[PlyCount "132"]
[EventDate "2016.03.08"]
[EventType "swiss"]
[EventRounds "10"]
[EventCountry "ISL"]
[SourceTitle "CBM 171 Extra"]
[Source "ChessBase"]
[SourceDate "2016.04.26"]
[SourceVersion "1"]
[SourceVersionDate "2016.04.26"]
[SourceQuality "1"]

1. d4 d5 2. c4 c6 3. Nf3 e6 4. Nc3 Nd7 5. cxd5 cxd5 6. Bf4 a6 7. e3 Ngf6 8. Bd3 Be7 9. h3 0-0 10. a4 b6 11. 0-0 Bb7 12. Qc2 Re8 13. Rac1 Nf8 14. Ne5 Ng6 15. Bg5 Nd7 16. Bxe7 Qxe7 17. f4 Ngf8 18. Rf3 f6 19. Nxd7 Qxd7 20. Qb3 Qd6 21. f5 e5 22. Be4 Rad8 23. dxe5 Rxe5 24. Bb1 Nd7 25. Ne2 Nc5 26. Qa2 Qe7 27. Rc3 a5 28. Nd4 Qd7 29. Bc2 Rde8 30. Qa3 Qe7 31. Qa1 Qd6 32. Qd1 R8e7 33. Qb1 Qd7 34. Qd1 Qe8 35. Kf2 Bc8 36. g4 Bd7 37. Ra3 Nb7 38. Qd2 Nd6 39. b3 Nf7 40. Ra1 h5 41. gxh5 Ng5 42. Rg3 Qxh5 43. Rh1 Qh4 44. Kg2 Nf7 45. Re1 Nd6 46. Nf3 Qh6 47. Nxe5 Rxe5 48. Qd4 Bxf5 49. Qxb6 Be4+ 50. Bxe4 Nxe4 51. Rg4 Rf5 52. Re2 Ng5 53. h4 Qh5 54. Qb8+ Kh7 55. Qg3 Rf3 56. hxg5 Rxg3+ 57. Kxg3 Qe8 58. gxf6 Qe5+ 59. Kh3 Qxf6 60. Reg2 Qf3+ 61. Kh2 g6 62. Rxg6 Qh5+ 63. Kg1 Qd1+ 64. Kf2 Qc2+ 65. Kf3 Qf5+ 66. Ke2 Qc2+ 1/2-1/2

[Event "Reykjavik op"]
[Site "Reykjavik"]
[Date "2016.03.09"]
[Round "2"]
[White "Dvirnyy, Danyyil"]
[Black "Johannsson, Orn Leo"]
[Result "0-1"]
[WhiteElo "2572"]
[BlackElo "2194"]
[PlyCount "100"]
[EventDate "2016.03.08"]
[EventType "swiss"]
[EventRounds "10"]
[EventCountry "ISL"]
[SourceTitle "CBM 171 Extra"]
[Source "ChessBase"]
[SourceDate "2016.04.26"]
[SourceVersion "1"]
[SourceVersionDate "2016.04.26"]
[SourceQuality "1"]

1. e4 e6 2. d4 d5 3. Nc3 dxe4 4. Nxe4 Nd7 5. Nf3 Ngf6 6. Nxf6+ Nxf6 7. Bc4 Be7 8. Qe2 0-0 9. Bg5 b6 10. 0-0-0 Bb7 11. Kb1 a6 12. Rhg1 b5 13. Bd3 Nd5 14. Bd2 Nb4 15. Bxb4 Bxb4 16. Ne5 Qe7 17. g4 Bd6 18. g5 Bxe5 19. dxe5 Rfd8 20. Rg4 c5 21. Rdg1 g6 22. c3 Rd7 23. Bc2 Rad8 24. h4 c4 25. h5 Qc5 26. Rf4 Rd2 27. Qe1 b4 28. cxb4 Qxb4 29. a3 Qb5 30. Rg3 c3 31. Rxc3 Re2 32. Qc1 Qxe5 33. Re3 Rxe3 34. fxe3 Qxg5 35. Qf1 Rd7 36. Ba4 Rc7 37. Bb3 Qxh5 38. e4 Qe5 39. Bc2 Kg7 40. a4 f5 41. exf5 exf5 42. Rb4 Re7 43. Ka2 Bd5+ 44. Bb3 Qe1 45. Qf4 Bxb3+ 46. Rxb3 Qe4 47. Qb8 Qxa4+ 48. Ra3 Qc4+ 49. Rb3 a5 50. Qd8 Rb7 0-1

[Event "Reykjavik WOW Air op"]
[Site "Reykjavik"]
[Date "2015.05.04"]
[Round "6"]
[White "Johannsson, Orn Leo"]
[Black "Johannesson, Oliver Aron"]
[Result "1/2-1/2"]
[WhiteElo "2107"]
[BlackElo "2212"]
[PlyCount "28"]
[EventDate "2015.03.23"]
[EventType "swiss"]
[EventRounds "7"]
[EventCountry "ISL"]
[SourceTitle "EXT 2016"]
[Source "ChessBase"]
[SourceDate "2015.10.08"]
[SourceVersion "1"]
[SourceVersionDate "2015.10.08"]
[SourceQuality "1"]

1. e4 c5 2. Nf3 e6 3. c4 Nc6 4. Nc3 Nf6 5. Be2 d5 6. exd5 exd5 7. cxd5 Nxd5 8. 0-0 Be7 9. d4 cxd4 10. Nb5 0-0 11. Nbxd4 Nxd4 12. Nxd4 Bf6 13. Bf3 Nb6 14. Nc2 Nc4 1/2-1/2